Report of the Finance Committee on the Concessional Loan Agreement of Y5,991,000,000 Five Billion NIne Hundred and Ninety One Million Japanese Yen (Approximately US$55,000,000 Between the Japan Banks for International Co-operation (JBIC) and the Government Of Ghana to Finance the Economic Reform Support Operation (Record no. 4991)

MARC details
000 -LEADER
fixed length control field 00977nam a22001697a 4500
003 - CONTROL NUMBER IDENTIFIER
control field OSt
005 - DATE AND TIME OF LATEST TRANSACTION
control field 20241218095627.0
008 - FIXED-LENGTH DATA ELEMENTS--GENERAL INFORMATION
fixed length control field 241218b |||||||| |||| 00| 0 eng d
041 ## - LANGUAGE CODE
Language code of text/sound track or separate title English
082 ## - DEWEY DECIMAL CLASSIFICATION NUMBER
Classification number PM/JBIC/1999 Acc No 10,727
110 ## - MAIN ENTRY--CORPORATE NAME
Corporate name or jurisdiction name as entry element Parliament Of Ghana
245 ## - TITLE STATEMENT
Title Report of the Finance Committee on the Concessional Loan Agreement of Y5,991,000,000 Five Billion NIne Hundred and Ninety One Million Japanese Yen (Approximately US$55,000,000 Between the Japan Banks for International Co-operation (JBIC) and the Government Of Ghana to Finance the Economic Reform Support Operation
260 ## - PUBLICATION, DISTRIBUTION, ETC.
Place of publication, distribution, etc. Accra
Name of publisher, distributor, etc. Parliament Of Ghana
Date of publication, distribution, etc. 1999
300 ## - PHYSICAL DESCRIPTION
Extent 5p
650 ## - SUBJECT ADDED ENTRY--TOPICAL TERM
Source of heading or term the Concessional Loan Agreement of Y5,991,000,000 Five Billion NIne Hundred and Ninety One Million Japanese Yen (Approximately US$55,000,000 Between the Japan Banks for International Co-operation (JBIC) and the Government Of Ghana to Finance the Economic Reform Support Operation
942 ## - ADDED ENTRY ELEMENTS (KOHA)
Source of classification or shelving scheme Dewey Decimal Classification
Koha item type Committee Reports
Suppress in OPAC No
Holdings
Withdrawn status Lost status Source of classification or shelving scheme Damaged status Not for loan Home library Current library Shelving location Date acquired Total checkouts Full call number Date last seen Copy number Price effective from Koha item type
    Dewey Decimal Classification     Main Library Main Library Open Shelves 18/12/2024   PM/JBIC/1999 Acc No 10,727 C1 18/12/2024 1 18/12/2024 Committee Reports
    Dewey Decimal Classification     Main Library Main Library Open Shelves 18/12/2024   PM/JBIC/1999 Acc No 10,728 C2 18/12/2024 2 18/12/2024 Committee Reports
©2026  Parliament of Ghana Library - All rights reserved